| 000 | 00505nam a2200181Ia 4500 | ||
|---|---|---|---|
| 999 |
_c2453 _d2453 |
||
| 003 | OSt | ||
| 005 | 20200814101417.0 | ||
| 008 | 190216s9999||||xx |||||||||||||| ||und|| | ||
| 020 | _a0824715470 | ||
| 040 | _coclc | ||
| 082 |
_a543 _bPIC/M |
||
| 100 |
_aPickering, W F _94117 |
||
| 245 | 0 |
_aModern Analytical Chemistry / _cW F Pickering |
|
| 260 |
_bMarcel Dekker, _aNew York: _c1971. |
||
| 300 | _a622p | ||
| 650 | _aChemistry-Chemistry | ||
| 942 |
_cBK _2ddc _h543 _iPIC/M _k543 _mPIC/M |
||